000 00527pab a2200181 454500
008 180718b2009 xxu||||| |||| 00| 0 eng d
100 _aPandey, Sanjay Kumar
245 _aA small effort of Nagaland State Co-operative Bank Ltd. (NSCB) for rural development of Nagaland
260 _c2009
300 _ap.27-41.
362 _aJan-Dec
650 _aBanks - India - Nagaland
650 _aRural development - India - Nagaland
650 _aRural development
773 _aIASSI Quarterly
908 _aN
909 _a86967
999 _c86967
_d86967